| 000 | 00447nam a22001457a 4500 | ||
|---|---|---|---|
| 082 |
_a625.85 _bKIN |
||
| 100 |
_aKing, Gayle H. _943967 |
||
| 245 | _aInfluence of asphalt grade and polymer concerntration on the low temperature performance of polymer modified asphalt/ | ||
| 250 | _aKing, Gayle H. | ||
| 260 |
_aFrance: _c1993. |
||
| 300 |
_bill,; _c30 cm. |
||
| 526 |
_a0 _b0 _c0 _d625_850000000000000_KIN |
||
| 650 |
_aMCE _9379 |
||
| 942 |
_2ddc _cBK |
||
| 999 |
_c547832 _d547832 |
||